| 000 | 00805cab a2200217 4500 | ||
|---|---|---|---|
| 001 | L136177 | ||
| 008 | 070116n2006 000 0 eng u | ||
| 035 | _a(Sirsi) u136177 | ||
| 041 | 0 | _aeng | |
| 100 | 1 | _aBlyth, Alex | |
| 245 | 0 | 2 | _aA private function |
| 260 | _c2006 | ||
| 490 | 0 |
_aRICS Business _vNovember/December 2006, 26-29(4) |
|
| 520 | _aDiscusses the opportunities and disadvantages Private Finance Initiatives (PFI) have had for the surveying profession. Discusses the criticisms of PFI, in particular the notion that contracts contain hidden costs such as mark-ups for basic maintenance. | ||
| 590 | _aKA | ||
| 650 | 2 | 4 | _aPRIVATE FINANCE INITIATIVE |
| 651 | 4 |
_aUnited Kingdom _y |
|
| 690 | _aPROPERTY-PROPERTY MARKET | ||
| 690 | _aBUILT ENVIRONMENT-CONSTRUCTION MARKET | ||
| 942 | _n0 | ||
| 999 |
_c78170 _d78170 |
||